Statistiques concernant Film dont le titre commence par un W - Version facile

Cliquez ici pour prendre le quiz!

Statistiques générales

  • Ce quiz a été pris 10 fois
  • Le résultat moyen est 3 sur 30

Statistiques - réponses

AnnéeRéalisateurGenre1 acteur ou
1 actrice
TitreIndice facile% Correct
2005Oliver StoneDrameKevin WatsonWorld Trade Centercenter
60%
2013Marc ForsterThrillerBrad PittWorld War ZWorld
60%
2008Bryan SingerThrillerTom CruiseWalkyrie*
20%
1996Ken PisaniScience fictionJack PalanceWar games*
20%
1983John BadhamActionMatthew BroderickWar games*
20%
1928Karl GuneHistoriqueCharles VanelWaterloo*
20%
2017Enguerrand JouvinDrameGary GuénaireWanderlust*
10%
2016Todd PhilipsComédieMiles TellerWar dogs*
10%
1967Jean-Luc GodardDrameJean YanneWeek-end*
10%
2017Craig JohnsonComédieWoody HarrelsonWilson*
10%
1948Anthony AsquithDrameNeil NorthWinslow contre le roiroi
10%
2008Oliver StoneBiographieJosh BrolinW l'improbable présidentprésident
10%
2020Patty JenkinsActionChris PineWonder Woman 19841984
10%
2007Adrienne ShellyComédieKeri RussellWaitress*
0%
1996Jean-Charles DeniauDrameRichard ChamberlainWallenberg*
0%
1970Barbara LodenDrameMichael HigginsWanda*
0%
1952Duilio ColettiDrameFranck VillardWanda la pécheressepécheresse
0%
1976Arthur HillerDrameRod SteigerW.C. Fields et moimoi
0%
1986Fred WaltonFantastiqueJay BakerWeek-end de terreurterreur
0%
2012Roger MichellDrameBill MurrayWeek-end royal*
0%
2005Faouzi BensaidiDrameNezha RahilWhat a wonderful worldworld
0%
1956Ralph ThomasComédieDavid KossoffWhisky vodka et jupon de ferfer
0%
1955Jacques TourneurWesternJoel McCreaWichita*
0%
1995Walter HillWesternKaren HuieWild bill*
0%
1999Chris RobertsScience fictionRichard DillaneWing commander*
0%
2013James MangoldActionMai IshikawaWolverine le combat de l'immortelcombat
0%
2016Jan GassmanDramePeter JecklinWonderland*
0%
1970Michael WadleighMusicalJoe CockerWoodstock*
0%
2004Chen KaigeAventuresDong-gun JangWu ju la légende des cavaliers du ventvent
0%
1970Stuart RosenbergDramePaul NewmanWusa*
0%

Distribution des résultats

Percentile par nombre de réponses

% des personnes avec chaque résultat

Votre développement - résultats

Vous n’avez pas pris ce quiz